| 000 | 00391cam a2200145ua 4500 | ||
|---|---|---|---|
| 041 |
_aeng _h |
||
| 082 |
_a828.09 _bGLA/GR |
||
| 100 | _aGlassey, Stanley C . | ||
| 245 |
_aGroundworks of criticism: Judging poetry / _cStanley C Glassey. _hTextual Documents |
||
| 260 |
_aLondon : _bOxford University Press , _c1961. |
||
| 300 | _a175 ; . | ||
| 504 | _a | ||
| 942 | _cBK | ||
| 999 |
_c3752 _d3752 |
||